| 000 | 00810nam a2200241 a 4500 | ||
|---|---|---|---|
| 003 | MX-MxUPN | ||
| 005 | 20240924071328.0 | ||
| 008 | 991125s1935 mx fr 000 0 spa d | ||
| 035 | _aUPN01000027244 | ||
| 040 |
_aMX-MxUPN _bspa _cMX-MxUPN |
||
| 041 | _aspa | ||
| 050 | 4 |
_aLB2544 _bA9.3 |
|
| 100 | 1 |
_aAvilés, Gildardo F., _d1876-1952 _927942 |
|
| 245 | 1 | 0 |
_aHacia la conquista de los derechos magisteriales cómo defienden su dignidad los maestros : _b artículos, cartas, manifiestos, etc |
| 260 |
_aMéxico, D.F. : _bEditorial Patria, _c1935. |
||
| 300 | _a200 páginas | ||
| 490 | 0 | _aEdiciones de la liga nacional de maestros | |
| 650 | 4 |
_99102 _aEducación _xLeyes y legislación _zMéxico |
|
| 650 | 4 |
_aMaestros _916336 |
|
| 902 | _bMaríaRobles/280824 | ||
| 905 | _aLibro | ||
| 942 |
_2lcc _cLIBRO _n0 |
||
| 999 |
_c27244 _d27244 |
||